000 00321nam a2200133Ia 4500
003 OSt
005 20240207162548.0
008 170524s9999 xx 000 0 und d
020 _a978-8180547713
040 _cIIMT UNIVERSITY MEERUT
100 _aSWARUP- KANTI/ GUPTA P K
245 0 _aOPERATION RESEARCH
942 _2ddc
_c02
999 _c4222
_d4222